000 00422cam a2200145u 4500
082 _a621.436
_bMOR
_cL-12, P-6
100 1 _aMorrison, Lacey Harvey,
_941845
245 1 0 _aDiesel engines, operation and maintenance;
260 _aChicago,
_bAmerican technical society,
_c1936.
300 _a241 p.
526 _a0
_b0
_c0
_d621_436000000000000_MOR
650 0 _aDiesel motor.
_941846
650 0 _aMCE
_9379
942 _2ddc
_cBK
999 _c545867
_d545867